Process Modelling for Control: A Unified Framework Using Standard Black-box Techniques (Record no. 8559)

000 -LEADER
fixed length control field 01164 a2200229 4500
020 ## - INTERNATIONAL STANDARD BOOK NUMBER
International Standard Book Number 978-1-84628-247-8
040 ## - CATALOGING SOURCE
Original cataloging agency DLC
Language of cataloging DLC
082 ## - DEWEY DECIMAL CLASSIFICATION NUMBER
Classification number 621.8312
100 1# - MAIN ENTRY--PERSONAL NAME
Personal name Codrons, Benoî´®
245 10 - TITLE STATEMENT
Title Process Modelling for Control: A Unified Framework Using Standard Black-box Techniques
Remainder of title A Unified Framework Using Standard Black-box Techniques
Statement of responsibility, etc. Codrons, Benoit
260 ## - PUBLICATION, DISTRIBUTION, ETC.
Place of publication, distribution, etc. London :
Name of publisher, distributor, etc. Springer-Verlag London Limited,
Date of publication, distribution, etc. 2005.
300 ## - PHYSICAL DESCRIPTION
Other physical details v.: digital
440 #0 - SERIES STATEMENT/ADDED ENTRY--TITLE
Title Advances in Industrial Control,
650 #0 - SUBJECT ADDED ENTRY--TOPICAL TERM
Topical term or geographic name entry element Process control
General subdivision Mathematical models.
650 #0 - SUBJECT ADDED ENTRY--TOPICAL TERM
Topical term or geographic name entry element Reglerteknik
650 #0 - SUBJECT ADDED ENTRY--TOPICAL TERM
Topical term or geographic name entry element Automatic control
710 2# - ADDED ENTRY--CORPORATE NAME
Corporate name or jurisdiction name as entry element SpringerLink (Online service)
856 40 - ELECTRONIC LOCATION AND ACCESS
Uniform Resource Identifier <a href="http://www.lub.lu.se/cgi-bin/ipchk/http://dx.doi.org/10.1007/1-84628-247-0">http://www.lub.lu.se/cgi-bin/ipchk/http://dx.doi.org/10.1007/1-84628-247-0</a>
856 40 - ELECTRONIC LOCATION AND ACCESS
Uniform Resource Identifier <a href="http://link.libris.kb.se/sfxumub?url_ver=Z39.88-2004&ctx_ver=Z39.88-2004&ctx_enc=info:ofi/enc:UTF-8&rfr_id=info:sid/sfxit.com:opac_856&url_ctx_fmt=info:ofi/fmt:kev:mtx:ctx&sfx.ignore_date_threshold=1&rft.object_id=1000000000229223&svc_val_fmt=info:ofi/fmt:kev:mtx:sch_svc&">http://link.libris.kb.se/sfxumub?url_ver=Z39.88-2004&ctx_ver=Z39.88-2004&ctx_enc=info:ofi/enc:UTF-8&rfr_id=info:sid/sfxit.com:opac_856&url_ctx_fmt=info:ofi/fmt:kev:mtx:ctx&sfx.ignore_date_threshold=1&rft.object_id=1000000000229223&svc_val_fmt=info:ofi/fmt:kev:mtx:sch_svc&</a>
856 40 - ELECTRONIC LOCATION AND ACCESS
Uniform Resource Identifier <a href="http://ezproxy.its.uu.se/login?url=http://dx.doi.org/10.1007/1-84628-247-0">http://ezproxy.its.uu.se/login?url=http://dx.doi.org/10.1007/1-84628-247-0</a>
942 ## - ADDED ENTRY ELEMENTS (KOHA)
Koha item type Book
Call number prefix 621.8312 COD
Source of classification or shelving scheme
Holdings
Withdrawn status Lost status Damaged status Not for loan Collection code Permanent Location Current Location Shelving location Date acquired Source of acquisition Cost, normal purchase price Total Checkouts Full call number Barcode Date last seen Price effective from Koha item type
          Central Library (CL) Central Library (CL) General Stacks 02/06/2006 A & J Def Tek Concultants 7577.81   621.8312 COD SEECS006903 11/14/2012 01/05/2017 Book
© 2023 Central Library, National University of Sciences and Technology. All Rights Reserved.